000 00886nam a2200265Ia 4500
003 OSt
005 20220930085557.0
006 a|||||r|||| 00| 0
007 ta
008 220926b |||||||| |||| 00| 0 eng d
024 _a101389
037 _cTheses
040 _aCRL
_cCRL
_beng
041 _2eng
_aeng
100 _aShajahan P. K.
_9540628
110 _aUniversity of Delhi. Faculty of Social Sciences. Department of Social Work
_9520300
245 0 _aCommunal expressions and secular engagements in municipal corporations of greater Mumbai and Thane
260 _c2008
300 _a249
_ap.
_ccm.
650 _aSOCIAL WORK
_935789
700 _a Dr. Manoj Kumar Jha Gu.
_9539047
700 _aUniversity of Delhi. Faculty of Social Sciences. Department of Social Work
_9520301
942 _cDIS
_2CC
999 _c879168
_d879168